000
00315nam a2200133Ia 4500
100
_a
Kulkarni/ A.D./ Barapte/ R.A.
942
_c
BK
654
_a
Engg. materials
245
_a
Engg. materials and Components
260
_b
Technova
_a
Chembur
_c
1999
082
_a
621.3
_b
KUL/BAR
546
_a
ENGLISH
999
_c
19906
_d
19906